Postacie z Gumballa jako ludzie - Statystyki

Ogólne statystyki
  • Ten quiz został rozwiązany 37 razy
  • Średni wynik to 6 z 15
Statystyki odpowiedzi
Obrazkowy Odpowiedź % Poprawnych
Tobias
83%
Tina
79%
Penny
58%
Banana Joe
54%
Sussie
46%
Bobert
42%
Ocho
42%
Pan Small
42%
Rob
42%
Lesly
38%
Sarah
33%
Juke
25%
Anton
21%
Idaho
21%
Rockey
21%
Nie znaleziono quizów pasujących do podanych kryteriów
Rozkład punktacji
Procent ludzi z każdym wynikiem
Percentyl według liczby udzielonych odpowiedzi
Twoja historia wyników
Nie rozwiązałeś tego quizu